Baishṇabasāhitya-prabeśikā. (Record no. 70805)

MARC details
000 -LEADER
fixed length control field 00752cam a22002651 4500
001 - CONTROL NUMBER
control field sa 66006927
003 - CONTROL NUMBER IDENTIFIER
control field DLC
005 - DATE AND TIME OF LATEST TRANSACTION
control field 20260227112300.0
008 - FIXED-LENGTH DATA ELEMENTS--GENERAL INFORMATION
fixed length control field 890515s1962 ii b 000 0 beno
010 ## - LIBRARY OF CONGRESS CONTROL NUMBER
LC control number sa 66006927
035 ## - SYSTEM CONTROL NUMBER
System control number (OCoLC)19708327
040 ## - CATALOGING SOURCE
Original cataloging agency DLC
Transcribing agency WaU
Modifying agency DLC
042 ## - AUTHENTICATION CODE
Authentication code premarc
043 ## - GEOGRAPHIC AREA CODE
Geographic area code a-ii---
050 00 - LIBRARY OF CONGRESS CALL NUMBER
Classification number BL1245.V3
Item number C57
100 1# - MAIN ENTRY--PERSONAL NAME
Personal name Chaudhuri, Himanshu Chandra,
Dates associated with a name 1905-
245 10 - TITLE STATEMENT
Title Baishṇabasāhitya-prabeśikā.
260 ## - PUBLICATION, DISTRIBUTION, ETC.
Date of publication, distribution, etc. [1962]
300 ## - PHYSICAL DESCRIPTION
Extent 2, 170 p.
Dimensions 23 cm.
500 ## - GENERAL NOTE
General note In Bengali.
504 ## - BIBLIOGRAPHY, ETC. NOTE
Bibliography, etc. note Includes bibliographies.
650 #0 - SUBJECT ADDED ENTRY--TOPICAL TERM
Topical term or geographic name entry element Vaishnava literature
General subdivision History and criticism.
650 #0 - SUBJECT ADDED ENTRY--TOPICAL TERM
Topical term or geographic name entry element Hindu literature
General subdivision History and criticism.
650 #0 - SUBJECT ADDED ENTRY--TOPICAL TERM
Topical term or geographic name entry element Bengali literature
General subdivision History and criticism.

No items available.

Powered by Koha